Word Ladder: Obscure May 31 Holiday Quiz Stats

 Plays Quiz Updated May 31, 2018

Challenge
Share
Tweet
Embed
Score 0/15 Timer 02:00
0 Plays Today
Hint 4-letter Word % Correct
Meat from a pigPORK
97.4%
Yellowy egg portionYOLK
97.2%
US President James KPOLK
95.9%
Put a car into a spacePARK
95%
Fly highSOAR
93.8%
Lemon flavorSOUR
92.5%
Lois or PennyLANE
92.2%
SongbirdLARK
91.2%
Hint 4-letter Word % Correct
Burn the surface ofSEAR
89.7%
Slender, thinLANK
86.9%
May 31: [Rung 1] [Rung 11] ____ing Day
OR Perceive auditorily
🎧HEARing🎧
83%
May 31: [Rung 1] ____ [Rung 15]ing Day
OR Thine
🎧YOUR🎧
82.6%
Former Red Sox player Kevin, for shortYOUK
80.3%
WashLAVE
78%
May 31: _____ [Rung11] [Rung 15]ing Day
OR Mark one's progress in a video game
🎧SAVE🎧
72.9%

Today's Daily Dose

You're not logged in!

Compare scores with friends on all Sporcle quizzes.
OR
Log In

You Might Also Like...

Show Comments

Extras

Top Quizzes Today


Score Distribution

Your Account Isn't Verified!

In order to create a playlist on Sporcle, you need to verify the email address you used during registration. Go to your Sporcle Settings to finish the process.

Report this User

Report this user for behavior that violates our Community Guidelines.

Details: